000 00656nam a2200181Ia 4500
008 090123s9999 xx 000 0 und d
082 _b40022
100 _aमयेकर भालचंद्र
245 _aमजेदार विज्ञान प्रयोग
250 _a1
260 _bमनोविकास प्रकाशन
_c2006
300 _a88
600 _aमयेकर भालचंद्र
630 _aमजेदार विज्ञान प्रयोग
700 _aमयेकर भालचंद्र
730 _aमजेदार विज्ञान प्रयोग
942 _cBOOK
999 _c78097
_d78097